[Event "TCh-CRO Women"]
[Site "Sibenik CRO"]
[Date "2010.09.06"]
[Round "3"]
[White "Samanic,Lorena"]
[Black "Voiska,M"]
[Result "0-1"]
[WhiteElo "1703"]
[BlackElo "2314"]
[EventDate "2010.09.04"]

1. e4 c5 2. Nf3 Nc6 3. Bb5 g6 4. Bxc6 bxc6 5. b3 Bg7 6. Nc3 Nf6 7. Bb2 Nxe4
8. Qe2 Nxc3 9. Bxc3 f6 10. O-O e6 11. Rfe1 O-O 12. a3 d5 13. d4 cxd4 14.
Nxd4 Qd6 15. Bb2 e5 16. Nf3 a5 17. a4 Re8 18. Ba3 Qe6 19. c3 Qf7 20. Qd2
Bg4 21. Qc2 Bxf3 22. gxf3 f5 23. Bc5 e4 24. fxe4 fxe4 25. Rad1 Re5 26. Re3
Bh6 27. Bd6 Re6 28. Rh3 Qf5 29. Rxh6 Qg5+ 30. Bg3 Qxh6 31. Qe2 Qg7 32. c4
d4 0-1

[Event "TCh-CRO Women"]
[Site "Sibenik CRO"]
[Date "2010.09.06"]
[Round "3"]
[White "Macek,V"]
[Black "Vasilevich,I"]
[Result "0-1"]
[WhiteElo "2213"]
[BlackElo "2324"]
[EventDate "2010.09.04"]

1. d4 e6 2. Nf3 c5 3. e3 Nf6 4. Bd3 b6 5. Nbd2 Bb7 6. Qe2 Be7 7. O-O O-O 8.
c3 d6 9. a4 Qc7 10. e4 cxd4 11. Nxd4 Nbd7 12. Ba6 Ne5 13. Bxb7 Qxb7 14. f3
a6 15. N2b3 Rac8 16. Be3 Nfd7 17. Rfd1 Nc5 18. a5 Nxb3 19. Nxb3 b5 20. Nd2
Rfe8 21. Bf2 Rc6 22. f4 Nc4 23. Nxc4 Rxc4 24. Bd4 Bf8 25. e5 dxe5 26. Qxe5
Rcc8 27. Bb6 f6 28. Qe2 e5 29. f5 Bc5+ 30. Bxc5 Rxc5 31. Rd6 e4 32. g4 e3
33. Qg2 Qc8 34. Qe2 Rc4 35. Rad1 Rf4 36. Rf1 Rxf1+ 37. Kxf1 Qc7 38. Rxa6
Qb7 0-1

[Event "TCh-CRO Women"]
[Site "Sibenik CRO"]
[Date "2010.09.06"]
[Round "3"]
[White "Bazaj Bockai,S"]
[Black "Purgar,I"]
[Result "0-1"]
[WhiteElo "2082"]
[BlackElo "2091"]
[EventDate "2010.09.04"]

1. e4 c5 2. Nf3 e6 3. c4 Nc6 4. Be2 d6 5. d4 cxd4 6. Nxd4 Nf6 7. Nc3 a6 8.
O-O Be7 9. Be3 O-O 10. Rc1 Bd7 11. Nb3 b6 12. f4 Qc7 13. Bf3 Ra7 14. Nd5
exd5 15. cxd5 Qb7 16. dxc6 Bxc6 17. e5 Bxf3 18. Rxf3 dxe5 19. fxe5 Nd5 20.
Bd4 Bg5 21. Rc2 Nf4 22. Rg3 Ne6 23. Qg4 Bf4 24. Rgc3 Nxd4 25. Nxd4 Qe4 26.
Kf1 Qxd4 27. Rc8 Bxe5 28. Rxf8+ Kxf8 29. Rc8+ Ke7 0-1

[Event "TCh-CRO Women"]
[Site "Sibenik CRO"]
[Date "2010.09.06"]
[Round "3"]
[White "Stadler,Bri"]
[Black "Mrakovcic,K"]
[Result "1-0"]
[WhiteElo "2112"]
[BlackElo "1712"]
[EventDate "2010.09.04"]

1. e4 c5 2. Nc3 d6 3. f4 Nc6 4. Nf3 e6 5. Bc4 Nge7 6. d3 g6 7. O-O Bg7 8.
a4 O-O 9. Qe1 a6 10. Bb3 Qc7 11. Qh4 f6 12. Qh3 Qd7 13. f5 gxf5 14. exf5 d5
15. fxe6 Qxe6 16. Qh5 Rd8 17. Bd2 Qg4 18. Qxg4 Bxg4 19. Rae1 Bf8 20. Ne4
Bxf3 21. Nxf6+ Kg7 22. Rxf3 Ne5 23. Nh5+ Kg8 24. Rg3+ N7g6 25. Bxd5+ Kh8
26. c4 Bd6 27. Bg5 Rf8 28. Bh6 1-0

[Event "TCh-CRO Women"]
[Site "Sibenik CRO"]
[Date "2010.09.06"]
[Round "3"]
[White "Samanic,Verena"]
[Black "Racki,B"]
[Result "0-1"]
[WhiteElo "1576"]
[BlackElo "1813"]
[EventDate "2010.09.04"]

1. e4 e5 2. Nf3 Nc6 3. Bc4 Bc5 4. Nc3 Nf6 5. d3 d6 6. Bg5 h6 7. Bxf6 Qxf6
8. Nd5 Qd8 9. c3 a6 10. a4 O-O 11. h3 Ba7 12. b4 Ne7 13. Ne3 Ng6 14. O-O c6
15. Rb1 b5 16. axb5 axb5 17. Bb3 Qf6 18. Nh2 Nf4 19. Neg4 Qg6 20. g3 Nxh3+
21. Kg2 Ng5 22. Ra1 h5 23. Ne3 Bh3+ 24. Kg1 Bxf1 25. Kxf1 Bxe3 26. fxe3 Kh8
27. Kg2 Rxa1 28. Qxa1 f5 29. Qf1 Rf6 30. Bc2 fxe4 31. Qe2 exd3 32. Bxd3 e4
33. Bb1 d5 34. Bc2 Qf7 35. Bd1 g6 36. g4 Nf3 37. Nf1 hxg4 38. Kg3 Qh7 39.
Kf2 Nd4+ 40. Kg3 Qh3+ 0-1

[Event "TCh-CRO Women"]
[Site "Sibenik CRO"]
[Date "2010.09.06"]
[Round "3"]
[White "Tomulic,V"]
[Black "Berke,A"]
[Result "1/2-1/2"]
[WhiteElo "1913"]
[BlackElo "2168"]
[EventDate "2010.09.04"]

1. e4 c5 2. Nf3 e6 3. c3 d5 4. exd5 Qxd5 5. d4 Nc6 6. Be3 cxd4 7. cxd4 Bb4+
8. Nc3 Nf6 9. Bd3 O-O 10. O-O Qa5 11. Ne4 Be7 12. Qb3 Rd8 13. Rac1 Qd5 14.
Qc2 Nb4 15. Nxf6+ Bxf6 16. Bxh7+ Kh8 17. Qb1 Qxa2 18. Qe4 Qd5 19. Rc5 Qxe4
20. Bxe4 Nd5 21. Rfc1 b6 22. R5c2 Bb7 23. Bxd5 Bxd5 24. Ne5 Bxe5 25. dxe5
Rd7 26. Rc8+ Rxc8 27. Rxc8+ Kh7 28. f4 Bb7 29. Rc1 Rd3 30. Rc7 Bxg2 31. Kf2
Kg6 32. Rxa7 Rb3 33. Bc1 Bd5 34. Rc7 Rh3 35. Kg1 f6 36. exf6 gxf6 37. Rc3
Rh7 38. Be3 b5 39. Rc5 Rh3 40. Bc1 b4 41. Bd2 b3 42. Rc3 Rh7 43. h3 Kf5 44.
Kf2 Rg7 45. Rg3 Ra7 46. Rc3 Ra1 47. Ke3 Rh1 48. Kd4 Rh2 49. Bc1 Rf2 50. Rg3
Rh2 51. Rc3 Rg2 52. Re3 Kg6 53. Rc3 f5 54. Re3 Kh5 55. Rc3 Rg1 56. Bd2 Rd1
1/2-1/2

[Event "TCh-CRO Women"]
[Site "Sibenik CRO"]
[Date "2010.09.06"]
[Round "3"]
[White "Kanceljak,D"]
[Black "Starcevic,A"]
[Result "1-0"]
[WhiteElo "1906"]
[BlackElo "1770"]
[EventDate "2010.09.04"]

1. e4 c5 2. Nf3 e6 3. d4 cxd4 4. Nxd4 a6 5. Be2 Qc7 6. O-O Nf6 7. Nc3 Be7
8. Be3 Nc6 9. f4 d6 10. Qe1 O-O 11. Qg3 Re8 12. f5 Nxd4 13. Bxd4 e5 14. Be3
Kh8 15. a4 b6 16. Qh3 Bb7 17. Bf3 Bc6 18. Bg5 Nd7 19. Bd2 f6 20. Bh5 Red8
21. Bg6 Nf8 22. Bf7 Rdb8 23. Rf3 Bd8 24. Qh5 Ra7 25. Bb3 b5 26. Be3 bxa4
27. Nxa4 Raa8 28. Nc3 a5 29. Rg3 Qd7 30. Bh6 Bb6+ 31. Kh1 g5 32. fxg6 Nxg6
33. Rxg6 hxg6 34. Qxg6 Qe7 35. Rf1 Bd4 36. Rxf6 Bxc3 37. Rf7 Qxf7 38. Bxf7
Rg8 39. Bxg8 Rxg8 40. Qh5 Bxe4 41. Bg5+ Kg7 42. Qh6+ Kf7 43. Qf6+ 1-0

[Event "TCh-CRO Women"]
[Site "Sibenik CRO"]
[Date "2010.09.06"]
[Round "3"]
[White "Repkova,E"]
[Black "Kochetkova,J"]
[Result "1-0"]
[WhiteElo "2447"]
[BlackElo "2327"]
[EventDate "2010.09.04"]

1. e4 c5 2. Nf3 d6 3. Bc4 e6 4. Qe2 Nf6 5. O-O Be7 6. Bb3 O-O 7. c3 b6 8.
d4 Ba6 9. c4 d5 10. e5 Nfd7 11. Nc3 Nc6 12. Rd1 cxd4 13. Nxd4 Ndxe5 14.
Ndb5 d4 15. Nxd4 Nxd4 16. Qxe5 Nc6 17. Qg3 Qb8 18. Bf4 Qb7 19. Bh6 Bf6 20.
Ne4 Be5 21. f4 Nd4 22. Qd3 Nf5 23. fxe5 Nxh6 24. Bc2 Nf5 25. g4 1-0

[Event "TCh-CRO Women"]
[Site "Sibenik CRO"]
[Date "2010.09.06"]
[Round "3"]
[White "Ostojic,K"]
[Black "Jelica,M"]
[Result "0-1"]
[WhiteElo "1729"]
[BlackElo "2211"]
[EventDate "2010.09.04"]

1. e4 c5 2. Nf3 a6 3. d4 cxd4 4. Nxd4 Nf6 5. Nc3 e5 6. Nb3 Bb4 7. Qd3 d5 8.
Bd2 d4 9. Ne2 Bxd2+ 10. Nxd2 Nc6 11. a3 Be6 12. Ng3 Qa5 13. Be2 Nb4 14.
axb4 Qxa1+ 15. Bd1 Qxb2 16. O-O Qxb4 17. f4 exf4 18. Rxf4 Qc3 19. e5 Qxd3
20. cxd3 Nd7 21. Nf3 Rc8 22. Be2 Rc5 23. Ne4 Rc1+ 24. Kf2 O-O 25. Nd6 b5
26. Rxd4 Rb8 27. Rb4 Nb6 28. d4 Rc2 29. Ne1 Ra2 30. Nd3 Nd5 31. Rb1 Rxe2+
32. Kxe2 Nc3+ 0-1

[Event "TCh-CRO Women"]
[Site "Sibenik CRO"]
[Date "2010.09.06"]
[Round "3"]
[White "Djeno,S"]
[Black "Marijan,Boni"]
[Result "1-0"]
[WhiteElo "2045"]
[BlackElo "1537"]
[EventDate "2010.09.04"]

1. e4 e5 2. Bc4 Nf6 3. Qe2 Bc5 4. Nf3 d6 5. c3 Qe7 6. O-O O-O 7. d3 c6 8.
Bg5 h6 9. Bh4 Be6 10. Nbd2 Nbd7 11. Rfe1 Bxc4 12. dxc4 Rfe8 13. b4 Bb6 14.
Nf1 Nf8 15. Ng3 Ng6 16. Nf5 Qe6 17. Bg3 d5 18. c5 Bc7 19. Ne3 Nxe4 20. Nd1
f5 21. h3 f4 22. Bh2 Bd8 23. c4 Bh4 24. a4 a6 25. Ra3 Rad8 26. Kh1 Kh8 27.
Kg1 Bf6 28. cxd5 cxd5 29. Kh1 Qf5 30. Ng1 Nh4 31. g4 fxg3 32. fxg3 Ng6 33.
Rf1 Qe6 34. Ne3 Qc6 35. Nf5 d4 36. Qf3 d3 37. Ne3 d2 38. Nd1 Ng5 39. Qxc6
bxc6 40. h4 Ne6 41. Ne2 Ne7 42. Bg1 Nd5 43. Nec3 Nxc3 44. Rxc3 e4 45. Rc2
Nc7 46. Be3 Nd5 47. Rxd2 Nxb4 48. Rxd8 Rxd8 49. Bf4 Be7 50. Nc3 Rd4 51. Re1
Nd3 52. Rf1 Rc4 53. Ne2 Bxc5 54. Bc7 Nf2+ 55. Kg2 e3 56. Bf4 Rxa4 57. Kf3
Ra3 58. Rb1 Nd3 59. h5 Nxf4 60. Nxf4 e2+ 61. Kxe2 Rxg3 62. Ng6+ Kh7 63. Rb8
Rxg6 64. hxg6+ Kxg6 65. Rc8 Kf7 66. Rxc6 Be7 67. Rxa6 g5 68. Rxh6 Kg7 69.
Ra6 Bf6 70. Kf3 Kf7 71. Kg4 Kg6 72. Rc6 Kf7 73. Kf5 Be7 74. Rc7 Kf8 75. Rb7
Ke8 76. Ke6 Bd8 77. Rh7 1-0

[Event "TCh-CRO Women"]
[Site "Sibenik CRO"]
[Date "2010.09.07"]
[Round "4"]
[White "Berke,A"]
[Black "Ostojic,K"]
[Result "1-0"]
[WhiteElo "2168"]
[BlackElo "1729"]
[EventDate "2010.09.04"]

1. e4 e5 2. Nf3 Nc6 3. Bc4 Bc5 4. c3 Qe7 5. O-O Nf6 6. d4 exd4 7. cxd4 Bb4
8. e5 Ng4 9. Bg5 f6 10. exf6 Nxf6 11. Nc3 Bxc3 12. bxc3 Qa3 13. Re1+ Ne7
14. Ne5 Rf8 15. Bxf6 Rxf6 16. Qh5+ g6 17. Qxh7 d5 18. Qh8+ Rf8 19. Qg7 Rg8
20. Qf7+ Kd8 21. Bxd5 c6 22. Bb3 Qd6 23. Qxg8+ Nxg8 24. Nf7+ Kc7 25. Nxd6
Kxd6 26. Bxg8 Bf5 27. Bb3 1-0

[Event "TCh-CRO Women"]
[Site "Sibenik CRO"]
[Date "2010.09.07"]
[Round "4"]
[White "Marijan,Boni"]
[Black "Kanceljak,D"]
[Result "1-0"]
[WhiteElo "1537"]
[BlackElo "1906"]
[EventDate "2010.09.04"]

1. e4 c5 2. Nf3 e6 3. d4 cxd4 4. Nxd4 Nf6 5. Nc3 d6 6. Be3 Be7 7. Bd3 Nc6
8. O-O O-O 9. f4 e5 10. Nxc6 bxc6 11. fxe5 dxe5 12. Qf3 Qc7 13. Qg3 Kh8 14.
Ne2 c5 15. c4 Bb7 16. Qf3 Rad8 17. Bc2 Bc8 18. h3 Be6 19. b3 Qa5 20. Ng3
Qc7 21. Rac1 Rd6 22. Nf5 Bxf5 23. Qxf5 Rd7 24. h4 Ng8 25. h5 a5 26. Qh3 Rd6
27. Rf5 Rf6 28. Rcf1 Rxf5 29. Rxf5 Qd6 30. Qf3 f6 31. Qh3 Bd8 32. Rf1 Be7
33. Rd1 Qa6 34. Rd5 Qb6 35. a3 Rd8 36. h6 g6 37. Rxd8 Qxd8 38. Qe6 Bf8 39.
Qc6 Bxh6 40. Qxc5 Bf8 41. Qd5 Qc7 42. c5 Ne7 43. Qf7 Bg7 44. Qe8+ Ng8 45.
b4 Qe7 46. Qxe7 Nxe7 47. b5 Kg8 48. c6 Kf8 49. Bc5 Ke8 50. c7 Nc8 51. Ba4
1-0

[Event "TCh-CRO Women"]
[Site "Sibenik CRO"]
[Date "2010.09.07"]
[Round "4"]
[White "Racki,B"]
[Black "Macek,V"]
[Result "0-1"]
[WhiteElo "1813"]
[BlackElo "2213"]
[EventDate "2010.09.04"]

1. e4 e6 2. d4 d5 3. exd5 exd5 4. Bd3 Nc6 5. c3 Bd6 6. h3 Nge7 7. Nf3 O-O
8. Qc2 Ng6 9. O-O Re8 10. Bg5 Nce7 11. Nbd2 Be6 12. Rfe1 Qc8 13. Nf1 h6 14.
Bxe7 Nxe7 15. Ne5 c6 16. Re2 c5 17. Bb5 Rd8 18. Qd2 a6 19. Ba4 b5 20. Bc2
c4 21. Rae1 Ra7 22. Ng3 a5 23. Nh5 Bf5 24. g4 Bxc2 25. Qxc2 b4 26. Qd2 Rb7
27. Kg2 a4 28. g5 Qf5 29. Nf3 hxg5 30. Ng3 Qf4 31. Nxg5 Qxd2 32. Rxd2 Bf4
0-1

[Event "TCh-CRO Women"]
[Site "Sibenik CRO"]
[Date "2010.09.07"]
[Round "4"]
[White "Purgar,I"]
[Black "Tomulic,V"]
[Result "1-0"]
[WhiteElo "2091"]
[BlackElo "1913"]
[EventDate "2010.09.04"]

1. e4 c5 2. Nf3 e6 3. d4 cxd4 4. Nxd4 a6 5. Bd3 Nc6 6. Nxc6 dxc6 7. O-O Qc7
8. Be3 Bd6 9. f4 e5 10. f5 Nf6 11. Nd2 b5 12. c4 Qe7 13. Rc1 O-O 14. c5 Bc7
15. Qf3 Rd8 16. Bb1 a5 17. Rf2 Ba6 18. Nf1 b4 19. Bg5 Bxf1 20. Rfxf1 Rd7
21. Be3 a4 22. Bc2 Ra5 23. g4 h6 24. h4 Nh7 25. Qg3 Bd8 26. Bf2 Nf6 27. Qf3
a3 28. b3 Raa7 29. Rfd1 Rxd1+ 30. Rxd1 Rd7 31. Kg2 Bc7 32. Be3 Rxd1 33.
Qxd1 Nd7 34. Qe1 Nxc5 35. Qxb4 Bd6 36. Qxa3 Kh7 37. Qa5 Nb7 38. Qe1 Bb4 39.
Qf2 Qd6 40. Qe2 Nc5 41. Qc4 1-0

[Event "TCh-CRO Women"]
[Site "Sibenik CRO"]
[Date "2010.09.07"]
[Round "4"]
[White "Vasilevich,I"]
[Black "Srebrnic,A"]
[Result "1-0"]
[WhiteElo "2324"]
[BlackElo "2227"]
[EventDate "2010.09.04"]

1. e4 e5 2. f4 exf4 3. Nf3 g5 4. h4 g4 5. Ne5 d6 6. Nxg4 Nf6 7. Nxf6+ Qxf6
8. Nc3 Nc6 9. Bb5 Rg8 10. Qf3 Bh6 11. Nd5 Qe5 12. d3 Bg4 13. Qf2 O-O-O 14.
Bxc6 bxc6 15. Bxf4 Bxf4 16. Nxf4 f5 17. O-O fxe4 18. dxe4 Qxb2 19. Rab1 Qa3
20. Rb3 Qa4 21. c4 Rdf8 22. c5 Be6 23. Rf3 Bg4 24. Rg3 d5 25. exd5 cxd5 26.
Qd2 c6 27. Rd3 Bf5 28. Rb3 Kc7 29. Qb2 Qe4 30. Rb7+ Kd8 31. Rxa7 Bc8 32.
Qb6+ 1-0

[Event "TCh-CRO Women"]
[Site "Sibenik CRO"]
[Date "2010.09.07"]
[Round "4"]
[White "Kruljac,N"]
[Black "Bazaj Bockai,S"]
[Result "0-1"]
[WhiteElo "2121"]
[BlackElo "2082"]
[EventDate "2010.09.04"]

1. e4 c5 2. Nc3 Nc6 3. g3 g6 4. Bg2 Bg7 5. f4 d6 6. Nf3 Nf6 7. d3 O-O 8.
O-O Rb8 9. h3 b5 10. Be3 b4 11. Ne2 Qc7 12. g4 Ba6 13. f5 c4 14. Nf4 cxd3
15. cxd3 Rfc8 16. g5 Nd7 17. Nd5 Qd8 18. Rf2 Nc5 19. f6 exf6 20. gxf6 Bf8
21. Ng5 Nxd3 22. Ne7+ Nxe7 23. fxe7 Bxe7 24. Nxf7 Nxf2 25. Qd5 Bc4 26. Qxc4
Rxc4 27. Nxd8 Bxd8 28. Bxf2 Bb6 29. Bxb6 Rxb6 30. e5 Rd4 31. e6 d5 32. Re1
Kf8 33. h4 Ke7 34. Bh3 Rxh4 35. Kg2 Rxh3 36. Kxh3 Rxe6 37. Rd1 Kd6 38. Rd2
Re4 39. Kg3 Ke5 40. Rh2 h5 41. Kf3 d4 42. Rg2 Re3+ 43. Kf2 Kf5 44. Rg1 g5
45. Rc1 Re4 46. Rc7 h4 47. Rxa7 Kg4 48. a4 bxa3 49. bxa3 h3 50. a4 d3 51.
Rd7 h2 52. Kg2 Re2+ 53. Kh1 d2 54. Rd4+ Kh3 55. Rd3+ Kh4 0-1

[Event "TCh-CRO Women"]
[Site "Sibenik CRO"]
[Date "2010.09.07"]
[Round "4"]
[White "Muzychuk,M"]
[Black "Sargac,R"]
[Result "1-0"]
[WhiteElo "2464"]
[BlackElo "2192"]
[EventDate "2010.09.04"]

1. e4 e6 2. d4 d5 3. Nc3 Bb4 4. e5 c5 5. a3 Ba5 6. b4 cxd4 7. Qg4 Ne7 8.
bxa5 dxc3 9. Qxg7 Rg8 10. Qxh7 Nbc6 11. Nf3 Qc7 12. Bf4 Bd7 13. a6 b6 14.
Bg3 O-O-O 15. Bd3 Rdf8 16. Qh6 d4 17. Qf4 f5 18. exf6 Qxf4 19. Bxf4 Rxf6
20. Bg3 Nf5 21. O-O-O Nxg3 22. hxg3 Kc7 23. Rh7 e5 24. Bb5 Re8 25. Re1 Kd6
26. Ng5 Bf5 27. Rxa7 Nxa7 28. Bxe8 Kd5 29. Bf7+ Kd6 30. Bh5 b5 31. Nf3 Re6
32. g4 Bh7 33. g5 Nc6 34. Bf7 Re7 35. g6 Nd8 36. Rxe5 Ra7 37. Rd5+ Ke7 38.
gxh7 Nxf7 39. Ne5 Ra8 40. Rd7+ Ke6 41. Nxf7 1-0

[Event "TCh-CRO Women"]
[Site "Sibenik CRO"]
[Date "2010.09.07"]
[Round "4"]
[White "Solic,K"]
[Black "Ascic,I"]
[Result "1-0"]
[WhiteElo "2225"]
[BlackElo "2007"]
[EventDate "2010.09.04"]

1. d4 d5 2. Nf3 Nf6 3. c4 c6 4. e3 Bf5 5. Nc3 e6 6. Qb3 Qb6 7. c5 Qc7 8.
Be2 Nbd7 9. Bd2 Be7 10. O-O O-O 11. Qd1 Ne4 12. Nxe4 Bxe4 13. Bc3 Bxf3 14.
Bxf3 e5 15. e4 dxe4 16. Bxe4 exd4 17. Bxd4 Bxc5 18. Bxg7 Rfe8 19. Bf5 Kxg7
20. Bxd7 Re7 21. Bf5 f6 22. Qh5 Kh8 23. Rfe1 Rxe1+ 24. Rxe1 Bd4 25. Re4
Bxb2 26. Rh4 Rd8 27. Qe2 Qd6 28. Rxh7+ Kg8 29. Qg4+ 1-0

[Event "TCh-CRO Women"]
[Site "Sibenik CRO"]
[Date "2010.09.07"]
[Round "4"]
[White "Grgic,N"]
[Black "Kruljac,P"]
[Result "0-1"]
[WhiteElo "1661"]
[BlackElo "2057"]
[EventDate "2010.09.04"]

1. e4 e6 2. d4 d5 3. e5 c5 4. c3 Nc6 5. Nf3 Bd7 6. Be2 Nge7 7. Na3 Nf5 8.
Nc2 Be7 9. O-O Qb6 10. Qd3 h5 11. Ne3 Nh6 12. a3 c4 13. Qc2 Na5 14. Nd2 g6
15. Rb1 Nf5 16. Nxf5 gxf5 17. b4 cxb3 18. Nxb3 Ba4 19. Bd1 Bxb3 20. Rxb3
Nxb3 21. Qxb3 Qxb3 22. Bxb3 Rc8 23. Bb2 a6 24. a4 O-O 25. Rc1 Rc7 26. Kf1
Rfc8 27. Ke2 Rc6 28. f4 Rb6 29. Ba1 Rxb3 30. Kd2 Ra3 31. g3 Rxa4 32. Bb2
Ra2 33. Rc2 b5 34. Kd3 a5 35. Rd2 Ba3 36. Bxa3 Rxa3 37. Rc2 b4 38. Kd2
Raxc3 39. Rxc3 Rxc3 0-1

[Event "TCh-CRO Women"]
[Site "Sibenik CRO"]
[Date "2010.09.08"]
[Round "5"]
[White "Samanic,Lorena"]
[Black "Muzychuk,M"]
[Result "0-1"]
[WhiteElo "1703"]
[BlackElo "2464"]
[EventDate "2010.09.04"]

1. e4 c5 2. Nf3 e6 3. d3 Nc6 4. Be3 Nf6 5. Nc3 d5 6. Bf4 Be7 7. Be2 O-O 8.
O-O b6 9. Nb5 Bb7 10. Qd2 a6 11. Na3 b5 12. c3 dxe4 13. dxe4 Nxe4 14. Qd3
Nf6 15. Rfd1 Nd5 16. Qe4 Qc8 17. Bd3 f5 18. Qe2 Nxf4 19. Qe1 Bf6 20. Nc2
Nxg2 0-1

[Event "TCh-CRO Women"]
[Site "Sibenik CRO"]
[Date "2010.09.08"]
[Round "5"]
[White "Medic,Mir"]
[Black "Vasilevich,I"]
[Result "0-1"]
[WhiteElo "2264"]
[BlackElo "2324"]
[EventDate "2010.09.04"]

1. d4 e6 2. Nf3 c5 3. e3 Nf6 4. c4 Be7 5. Nc3 cxd4 6. exd4 d6 7. Bd3 O-O 8.
O-O Nbd7 9. Qe2 Re8 10. Bg5 b6 11. Rfe1 Bb7 12. Nd2 Nf8 13. b4 e5 14. Be3
exd4 15. Bxd4 Ne6 16. Be3 Bf8 17. Nde4 Nxe4 18. Bxe4 Bxe4 19. Nxe4 d5 20.
cxd5 Qxd5 21. Qf3 Rad8 22. a3 Qe5 23. Ra2 f5 24. Ng3 Nd4 25. Qd1 f4 26. Rd2
fxg3 27. fxg3 Ne6 28. Bxb6 Rxd2 29. Qxd2 Qb8 30. Bf2 Nc7 31. Rxe8 Qxe8 0-1

[Event "TCh-CRO Women"]
[Site "Sibenik CRO"]
[Date "2010.09.08"]
[Round "5"]
[White "Bazaj Bockai,S"]
[Black "Solic,K"]
[Result "0-1"]
[WhiteElo "2082"]
[BlackElo "2225"]
[EventDate "2010.09.04"]

1. e4 c5 2. Nf3 d6 3. d4 cxd4 4. Qxd4 Nc6 5. Bb5 Bd7 6. Bxc6 bxc6 7. Bg5
Qb6 8. Qd2 Qxb2 9. O-O Qxa1 10. Nc3 Qb2 11. e5 d5 12. Rb1 Qa3 13. Nxd5 cxd5
14. Qxd5 Rd8 15. Rd1 Qa6 16. Nd4 h6 17. e6 fxe6 18. Qe4 e5 19. Nf3 hxg5 20.
Nxe5 Qe6 0-1

[Event "TCh-CRO Women"]
[Site "Sibenik CRO"]
[Date "2010.09.08"]
[Round "5"]
[White "Kruljac,P"]
[Black "Mrakovcic,K"]
[Result "1-0"]
[WhiteElo "2057"]
[BlackElo "1712"]
[EventDate "2010.09.04"]

1. d4 Nf6 2. Nf3 d6 3. g3 g6 4. Bg2 Bg7 5. c4 O-O 6. Nc3 c6 7. O-O Nbd7 8.
h3 e5 9. e4 exd4 10. Nxd4 Qc7 11. Be3 a5 12. Na4 Re8 13. Qc2 Nc5 14. Nxc5
dxc5 15. Nb3 b6 16. Bf4 Qb7 17. Rad1 a4 18. Nc1 Bd7 19. g4 Kh8 20. Rd6 Ng8
21. Rfd1 Re7 22. e5 Be8 23. Nd3 a3 24. b3 Re6 25. Rxe6 fxe6 26. Ne1 g5 27.
Bxg5 Bxe5 28. Qe4 Qg7 29. Nf3 Bf6 30. Bf4 Ra7 31. g5 Bc3 32. Ne5 Ne7 33.
Rd8 Qf8 34. Ng4 Ng6 35. Bd6 Re7 36. Qc2 Bd4 37. Bxc6 1-0

[Event "TCh-CRO Women"]
[Site "Sibenik CRO"]
[Date "2010.09.08"]
[Round "5"]
[White "Srebrnic,A"]
[Black "Racki,B"]
[Result "1-0"]
[WhiteElo "2227"]
[BlackElo "1813"]
[EventDate "2010.09.04"]

1. d4 d5 2. c4 e6 3. Nc3 Nf6 4. cxd5 exd5 5. Qc2 c6 6. Nf3 Bd6 7. Bg5 Be7
8. e3 Nbd7 9. Bd3 O-O 10. O-O Re8 11. Rab1 Nf8 12. b4 Ng6 13. b5 Bg4 14.
bxc6 bxc6 15. Ne5 Qc8 16. f4 Nh5 17. Bxe7 Rxe7 18. Na4 Nf8 19. f5 Nf6 20.
h3 1-0

[Event "TCh-CRO Women"]
[Site "Sibenik CRO"]
[Date "2010.09.08"]
[Round "5"]
[White "Tomulic,V"]
[Black "Kruljac,N"]
[Result "1-0"]
[WhiteElo "1913"]
[BlackElo "2121"]
[EventDate "2010.09.04"]

1. e4 d6 2. d4 Nf6 3. Nc3 g6 4. f4 Bg7 5. Nf3 c6 6. Be2 O-O 7. O-O Qc7 8.
e5 Nd5 9. Nxd5 cxd5 10. c3 Bf5 11. Qb3 Rd8 12. Ng5 h6 13. g4 Bc8 14. Nh3
Nc6 15. Be3 Na5 16. Qc2 Nc4 17. exd6 Qxd6 18. Bc1 h5 19. f5 hxg4 20. Bxg4
Bxf5 21. Bxf5 gxf5 22. Qxf5 Qg6+ 23. Qxg6 fxg6 24. Nf4 Rd6 25. b3 Nb6 26.
Bd2 e5 27. dxe5 Bxe5 28. Rae1 Nd7 29. Nd3 Bf6 30. Nb4 g5 31. Rf5 d4 32. Nd5
dxc3 33. Nxf6+ Rxf6 34. Rxg5+ Kf7 35. Bxc3 Rf3 36. Rg7+ Kf8 37. Rh7 Rb8 38.
Bb4+ 1-0

[Event "TCh-CRO Women"]
[Site "Sibenik CRO"]
[Date "2010.09.08"]
[Round "5"]
[White "Lisac,T"]
[Black "Starcevic,A"]
[Result "1/2-1/2"]
[WhiteElo "1761"]
[BlackElo "1770"]
[EventDate "2010.09.04"]

1. e4 c5 2. Nf3 e6 3. c3 d5 4. exd5 Qxd5 5. d4 Nf6 6. Be2 Nc6 7. O-O cxd4
8. cxd4 Be7 9. Nc3 Qd6 10. Nb5 Qd8 11. Ne5 Nb4 12. Bf4 Nbd5 13. Bg3 O-O 14.
Rc1 Ne4 15. Bd3 Nxg3 16. hxg3 a6 17. Nc3 g6 18. Qd2 Bf6 19. Ne4 Bg7 20. Kh2
f5 21. Ng5 Bxe5 22. dxe5 h6 23. Nh3 g5 24. Rh1 Bd7 25. Qe2 Kg7 26. g4 Qe7
27. Rce1 Rae8 28. Kg1 Qf7 29. Bb1 Ne7 1/2-1/2

[Event "TCh-CRO Women"]
[Site "Sibenik CRO"]
[Date "2010.09.08"]
[Round "5"]
[White "Kochetkova,J"]
[Black "Voiska,M"]
[Result "1/2-1/2"]
[WhiteElo "2327"]
[BlackElo "2314"]
[EventDate "2010.09.04"]

1. e4 c5 2. Nf3 Nc6 3. Nc3 d6 4. d4 cxd4 5. Nxd4 e5 6. Nde2 Be7 7. g3 Be6
8. Bg2 Nf6 9. O-O Qd7 10. Bg5 Ng4 11. Bxe7 Nxe7 12. Qd3 O-O 13. Rad1 Rfd8
14. Nb5 Nc8 15. c4 a6 16. Nbc3 Na7 17. Nd5 Bxd5 18. Qxd5 Nf6 19. Qd3 Nc6
20. Qe3 Qc7 21. Rd2 Qa5 22. a3 Qc5 1/2-1/2

[Event "TCh-CRO Women"]
[Site "Sibenik CRO"]
[Date "2010.09.08"]
[Round "5"]
[White "Macek,V"]
[Black "Peronja,D"]
[Result "1-0"]
[WhiteElo "2213"]
[BlackElo "1741"]
[EventDate "2010.09.04"]

1. d4 d5 2. c4 e6 3. Qc2 Nf6 4. g3 Bd7 5. Bg2 Bc6 6. Nf3 a6 7. O-O dxc4 8.
Qxc4 b5 9. Qd3 Bb7 10. Be3 Nbd7 11. Rd1 Ng4 12. Bg5 Be7 13. Bxe7 Qxe7 14.
Nc3 Ngf6 15. Rac1 c5 16. dxc5 Nxc5 17. Qe3 O-O 18. Nxb5 axb5 19. Qxc5 Qxc5
20. Rxc5 Rxa2 21. Rxb5 Ba6 22. Rb6 Nd5 23. Rb3 Bc4 24. Rb7 Bxe2 25. Rc1
Rfa8 26. Nd4 Ba6 27. Rb3 g6 28. Nc6 Re8 29. Ra3 Rxa3 30. bxa3 Kf8 31. Ne5
Be2 32. f4 Ra8 33. Kf2 Bb5 34. Rb1 Be8 35. Rb3 Rc8 36. Bxd5 exd5 37. Ke3 f6
38. Nf3 Rc4 39. Nd4 Ke7 40. Kd3 Ba4 41. Nc2 Bc6 42. Rb4 Rxb4 43. Nxb4 Bb7
44. Kd4 Kd6 45. a4 h5 46. a5 g5 47. a6 Ba8 48. f5 g4 49. Nd3 Bc6 50. Nf4
Ba8 51. Nxh5 Ke7 52. Kc5 1-0

[Event "TCh-CRO Women"]
[Site "Sibenik CRO"]
[Date "2010.09.08"]
[Round "5"]
[White "Ostojic,K"]
[Black "Purgar,I"]
[Result "0-1"]
[WhiteElo "1729"]
[BlackElo "2091"]
[EventDate "2010.09.04"]

1. e4 c5 2. Nf3 e6 3. d4 cxd4 4. Nxd4 Nf6 5. Nc3 d6 6. Be2 Be7 7. Be3 a6 8.
O-O O-O 9. h3 Qc7 10. Qd2 b5 11. a3 Bb7 12. Bf3 Nbd7 13. Rfe1 Ne5 14. Bg5
h6 15. Bxf6 Nxf3+ 16. Nxf3 Bxf6 17. Nd1 Rfd8 18. c3 e5 19. Qc2 d5 20. exd5
Bxd5 21. Ne3 Bxf3 22. gxf3 Bg5 23. Rad1 Rxd1 24. Rxd1 Re8 25. Qe4 Re6 26.
Qa8+ Kh7 27. Qe4+ Rg6 28. Kf1 Bxe3 29. fxe3 Qc8 30. h4 Qh3+ 31. Ke1 f5 32.
Qxe5 Rg2 0-1

[Event "TCh-CRO Women"]
[Site "Sibenik CRO"]
[Date "2010.09.08"]
[Round "5"]
[White "Stadler,Bri"]
[Black "Marijan,Boni"]
[Result "1/2-1/2"]
[WhiteElo "2112"]
[BlackElo "1537"]
[EventDate "2010.09.04"]

1. e4 e5 2. Nf3 Nc6 3. Bc4 Bc5 4. d3 h6 5. c3 Qe7 6. b4 Bb6 7. a4 a6 8.
Nbd2 Nf6 9. O-O d6 10. Bb3 Be6 11. Nc4 Ba7 12. Ne3 Bxe3 13. Bxe3 Qd7 14.
Nd2 Ne7 15. d4 Bxb3 16. Qxb3 Ng6 17. f4 Ng4 18. Rae1 Nxe3 19. Rxe3 Nxf4 20.
dxe5 dxe5 21. Nf3 Qg4 22. g3 f6 23. Qc4 c6 24. b5 axb5 25. axb5 Rc8 26. Nh4
Qe6 27. Qc5 Nh3+ 28. Kg2 Rd8 29. Nf5 Rd2+ 30. Kxh3 g6 31. Qa7 Rh7 32. bxc6
gxf5 33. Rxf5 Qxc6 34. Ref3 Rf7 35. Qe3 Rdd7 36. Kg2 Rd6 37. Rh5 Rh7 38.
Rh4 1/2-1/2

[Event "TCh-CRO Women"]
[Site "Sibenik CRO"]
[Date "2010.09.08"]
[Round "5"]
[White "Cacic,M"]
[Black "Ushenina,A"]
[Result "0-1"]
[WhiteElo "1634"]
[BlackElo "2466"]
[EventDate "2010.09.04"]

1. d4 Nf6 2. c4 c5 3. d5 e6 4. Nc3 exd5 5. cxd5 d6 6. e4 g6 7. Bd3 Bg7 8.
Nge2 O-O 9. O-O a6 10. a4 Re8 11. Bg5 Qc7 12. Qd2 Nbd7 13. f4 c4 14. Bc2
Nc5 15. Ng3 h6 16. Bxf6 Bxf6 17. Rae1 Bg7 18. f5 Re5 19. f6 Bf8 20. Qd4 Nd7
21. Re3 Qc5 22. Qxc5 Nxc5 23. Nge2 h5 24. Nd4 Bh6 25. Re2 Bg4 26. Nf3 Bxf3
27. gxf3 Bf4 28. Kh1 Ree8 29. Nd1 Nd7 30. Ne3 Rac8 31. Ng2 Be5 32. Bb1 Bxf6
33. Rc1 b5 34. axb5 axb5 35. Ne3 Nc5 36. Ba2 Nd3 37. Rcc2 Nb4 0-1